PATHOLOGY PRACTICALBOOK (Record no. 4817)

MARC details
000 -LEADER
fixed length control field 00329nam a2200133Ia 4500
008 - FIXED-LENGTH DATA ELEMENTS--GENERAL INFORMATION
fixed length control field 150201s2014 xx 000 0 und d
082 ## - DEWEY DECIMAL CLASSIFICATION NUMBER
Classification number 616.07
Item number P2013H
100 ## - MAIN ENTRY--PERSONAL NAME
Personal name HARSH MOHAN
245 ## - TITLE STATEMENT
Title PATHOLOGY PRACTICALBOOK
250 ## - EDITION STATEMENT
Edition statement 3RD
260 ## - PUBLICATION, DISTRIBUTION, ETC. (IMPRINT)
Name of publisher, distributor, etc. JAYPEE BROTHERS MEDICAL PUBLISHERS
650 ## - SUBJECT ADDED ENTRY--TOPICAL TERM
Topical term or geographic name as entry element PATHOLOGY
942 ## - ADDED ENTRY ELEMENTS (KOHA)
Source of classification or shelving scheme Dewey Decimal Classification
Koha item type Books
Koha issues (borrowed), all copies 4
Holdings
Withdrawn status Lost status Source of classification or shelving scheme Damaged status Not for loan Home library Current library Date acquired Serial Enumeration / chronology SGTU Total Checkouts Full call number Barcode Date last seen Date last checked out Bill Date Koha item type
    Dewey Decimal Classification     SGT Dental Library SGT Dental Library 06/03/2014 1 SGTU 3 616.07 P2013H FD6870 29/08/2022 27/08/2022 09/02/2015 Books
    Dewey Decimal Classification     SGT Dental Library SGT Dental Library 06/03/2014 1 SGTU 10 616.07 P2013H FD6871 03/09/2025 30/08/2025 09/02/2015 Books
    Dewey Decimal Classification     SGT Dental Library SGT Dental Library 06/03/2014 1 SGTU 5 616.07 P2013H FD6872 17/12/2020 13/03/2020 09/02/2015 Books
    Dewey Decimal Classification     SGT Dental Library SGT Dental Library 06/03/2014 1 SGTU 2 616.07 P2013H FD6873 26/08/2025 07/08/2025 09/02/2015 Books
    Dewey Decimal Classification     SGT Dental Library SGT Dental Library 06/03/2014 1 SGTU 2 616.07 P2013H FD6874 03/09/2025 30/08/2025 09/02/2015 Books